| 000 | 00857cab a2200265 4500 | ||
|---|---|---|---|
| 001 | ABS59631 | ||
| 008 | 090401t1998 xxu||||| |||| 00| 0 eng d | ||
| 035 | _a(Sirsi) u90021 | ||
| 041 | _aeng | ||
| 100 | _aBenyon, L. | ||
| 245 | _aPruning the branches | ||
| 260 | _c1998 | ||
| 350 | _a0 | ||
| 490 |
_aProperty Week _v63(31) 27 November 1998, 30-31(2) |
||
| 520 | _aRecent changes in banking practices and the impact of new technology has led banks and building societies to carry out reviews of their property portfolios leading to the closure of branches. | ||
| 650 | _aBANKING SECTOR | ||
| 650 | _aBANKS | ||
| 650 | _aBUILDING SOCIETIES | ||
| 650 | _aHIGH STREET | ||
| 650 | _aPROPERTY PORTFOLIO | ||
| 650 | _aRATIONALISATION | ||
| 690 | _aPROPERTY-COMMERCIAL PROPERTY-COMMERCIAL PROPERTY MARKET | ||
| 942 | _n0 | ||
| 948 | _c30/11/1998 | ||
| 999 |
_c57003 _d57003 |
||